| 000 | 01452nam a22002417a 4500 | ||
|---|---|---|---|
| 999 |
_c58938 _d58938 |
||
| 003 | Ge_BSU | ||
| 005 | 20221021123050.0 | ||
| 008 | 221021s1999 ge ||||| |||| 00| 0 geo d | ||
| 020 | _a9992816449 | ||
| 041 | _ageo | ||
| 080 | _a271.22(479.22)(09) ჯ-26 | ||
| 100 |
_aანანია (ჯაფარიძე), მთავარეპისკოპოსი _915422 |
||
| 245 |
_aსაქართველოს სამოციქულო ეკლესიის ისტორია : 4 ტომად : _bტ. 3, ქართული ეკლესია XII-XIII საუკუნეებში / _cანანია ჯაფარიძე ; [რედ.: ლია შარვაშიძე ; მხატვ.: ჯემალ ზენაიშვილი]. |
||
| 264 |
_aთბილისი : _bმერანი, _c1999. |
||
| 300 |
_a416 გვ.; _b20 სმ. |
||
| 504 | _aბიბლიოგრაფია ტექსტის შენიშვნებში | ||
| 653 | _aსაქართველოს მართლმადიდებლური ეკლესიის ისტორია | ||
| 653 | _aრელიგია | ||
| 653 | _aქრისტიანობა | ||
| 700 |
_aშარვაშიძე, ლია _eრედაქტორი _95787 |
||
| 700 |
_aზენაიშვილი, ჯემალ _eილუსტრატორი _96787 |
||
| 942 |
_2udc _cBK |
||